000 01614nmc a2200373 a 4500
003 AR-BaBNM
005 20251128211733.0
008 206020s2003 ||||||||||||||000 | spa||
020 _a84-8063-584-3
040 _cAR-BaBNM
100 1 _aHargreaves, Andy
245 1 0 _aEnseñar en la sociedad del conocimiento
_bla educación en la era de la inventiva
250 _a1ª ed.
260 _aBarcelona
_bOctaedro
_c2003
300 0 _a244 p.
490 0 _aRepensar la educación
_vv. 18
505 _tEnseñar para la sociedad del conocimiento : educar para la creatividad
505 _tEnseñar más allá de la sociedad del conocimiento : del valor del dinero, a valores permanentes
505 _tEnseñar a pesar de la sociedad del conocimiento I : el fin del ingenio
_rBaker, Michael
505 _tEnseñar a pesar de la sociedd del conocimiento II : la pérdida de la integridad
_rMoore, Shawn
505 _tLa escuela de la sociedad del conocimiento : una entidad en peligro
_rGiles, Corrie
505 _tMás allá de la estandarización : ¿comunidades de aprendizaje profesional o sectas de formación para el rendimiento?
505 _tEl futuro de la enseñanza en la sociedad del conocimiento : repensar la mejora, eliminar el empobrecimiento
650 4 _aPOLITICA EDUCATIVA
650 4 _aFORMACION PROFESIONAL
653 0 _aPLANEAMIENTO EDUCATIVO
653 0 _aPOLITICAS DE CONOCIMIENTO
653 0 _aCOMUNIDAD DE APRENDIZAJE
700 1 _aMata, Angels
_etraductor
800 1 _aSancho, Juana María
800 1 _aHernández, Fernando
942 _cBK
998 _cme-solo cat
999 _c20896
_d20896